Los Reyes Mezontla Artesanía en Barro Técnicas Prehispánicas (Record no. 11822)
[ view plain ]
| 000 -CABECERA | |
|---|---|
| campo de control de longitud fija | 00357nam a2200121 4500 |
| 005 - FECHA Y HORA DE LA ÚLTIMA TRANSACCIÓN | |
| campo de control | 20260530113902.0 |
| 245 10 - MENCIÓN DE TÍTULO | |
| Título | Los Reyes Mezontla Artesanía en Barro Técnicas Prehispánicas |
| 264 #1 - PRODUCCIÓN, PUBLICACIÓN, DISTRIBUCIÓN, FABRICACIÓN Y COPYRIGHT | |
| Nombre del de productor, editor, distribuidor, fabricante | Instituto de las Artesanías Puebla |
| Fecha de producción, publicación, distribución, fabricación o copyright | 2010 |
| 300 ## - DESCRIPCIÓN FÍSICA | |
| Extensión | 84 páginas |
| 336 ## - TIPO DE CONTENIDO | |
| Término de tipo de contenido | texto |
| Fuente | rdacontent |
| 337 ## - TIPO DE MEDIO | |
| Nombre/término del tipo de medio | sin medio |
| Fuente | rdamedia |
| 338 ## - TIPO DE SOPORTE | |
| Nombre/término del tipo de soporte | volumen |
| Fuente | rdacarrier |
No items available.